10 to 1: Product Brands Quiz Stats

Quiz Updated Sep 7, 2017

Challenge
Share
Tweet
Embed
Score 0/55 Timer 06:00
0 Plays Today
% Correct
BMW
98.9%
Honda
98.6%
Ford
98.1%
Nissan
98%
Chrysler
97.6%
Hyundai
97.6%
Toyota
97.6%
Subaru
96.1%
Calvin Klein
95.8%
General Motors
95.5%
Barbie
94.8%
Victoria's Secret
94.7%
Lego
94.4%
Sony
93.9%
Samsung
93.7%
Google
93.7%
Tesla
93.5%
Hot Wheels
93.3%
Play-Doh
93.3%
Toshiba
92.7%
LG
92.7%
Tide
92.4%
Furby
92.4%
OxiClean
92.3%
Spanx
92.2%
Panasonic
92%
Tylenol
91.3%
Fruit of the Loom
90.5%
% Correct
Gain
89.8%
Hatchimals
89.2%
Sleep Number
89.2%
Purex
88.6%
Maxwell House
88.5%
Tempur-Pedic
88.3%
Jockey
88%
Sharp
87.7%
Excedrin
86.6%
Persil
86.2%
Seattle's Best
86.2%
Hanes
84.4%
Playtex
84.3%
Lincoln Logs
83.6%
Cheer
83.6%
Folgers
83.4%
Maidenform
83.2%
All
82.1%
Behr
80.6%
Sherwin-Williams
79.8%
Benjamin Moore
78.1%
Seventh Generation
77%
Valspar
75.9%
Glidden
74.1%
Serta
74%
Caribou
70.7%
Bali
57.5%

You're not logged in!

Compare scores with friends on all Sporcle quizzes.
Sign Up with Email
OR
Log In

You Might Also Like...

Show Comments

Extras

Top Quizzes Today


Score Distribution

Your Account Isn't Verified!

In order to create a playlist on Sporcle, you need to verify the email address you used during registration. Go to your Sporcle Settings to finish the process.

Report this User

Report this user for behavior that violates our Community Guidelines.

Details: